Statistics for Countries Of North America And South America That Contain No Repeated Letters

Click here to take the quiz!

General Stats

  • This quiz has been taken 44 times
  • The average score is 7 of 8

Answer Stats

Answer% Correct
Brazil
95%
Cuba
92%
Mexico
90%
Chile
85%
Peru
85%
Suriname
79%
Ecuador
69%
Honduras
56%

Score Distribution

Percentile by Number Answered

Percent of People with Each Score

Your Score History

You have not taken this quiz